Statistics for 都道府県内で最も新しい市名・町名・村名

Click here to take the quiz!

General Stats

  • This quiz has been taken 21 times
  • The average score is 39 of 159

Answer Stats

都道府県日付郡名Answer備考% Correct
長崎県2006/03/31南島原市
69%
北海道2006/02/01北斗市
50%
群馬県2006/03/27みどり市
50%
つくばみらい市
50%
岩手県2006/02/20奥州市
50%
宮城県2006/03/31大崎市
50%
2006/03/03大飯郡おおい町
44%
東京都2001/01/21西東京市
44%
兵庫県2019/05/01丹波篠山市
44%
茨城県2006/03/27小美玉市
44%
白山市
44%
鹿島郡中能登町
44%
福島県2006/01/01南相馬市
44%
福岡県2010/01/01糸島市
44%
鳳珠郡能登町
44%
福井県2006/03/20坂井市
44%
秋田県2005/10/01にかほ市
44%
大分県2005/10/01由布市
44%
日高郡新ひだか町
44%
2005/09/20榛原郡川根本町
44%
青森県2006/01/01平川市
44%
2006/03/01上北郡おいらせ町
44%
山梨県2006/02/20中央市
38%
2010/03/08南巨摩郡富士川町
38%
長野県2005/10/01安曇野市
38%
千葉県2006/03/27香取市
38%
石川県2005/02/01能美市
38%
富山県2005/11/01射水市
38%
1956/09/30南河内郡千早赤阪村千早村+赤阪村
38%
2006/03/31網走郡大空町
38%
新潟県2005/09/01胎内市
38%
和歌山県2005/11/07紀の川市
38%
三重県2003/12/01いなべ市
38%
滋賀県2005/02/11東近江市
38%
島根県2004/11/01雲南市
38%
山口県2005/03/22山陽小野田市
38%
静岡県2005/10/11牧之原市
38%
2006/03/20高岡郡四万十町
38%
高知県2006/03/01香南市
38%
2006/03/20京都郡みやこ町
38%
山形県1967/04/01南陽市
38%
2005/03/28朝倉郡東峰村
38%
栃木県2006/01/10下野市
38%
香川県2006/01/01三豊市
38%
2006/01/01遠田郡美里町
38%
海部郡美波町
38%
熊本県2005/01/15宇城市
38%
徳島県2006/03/01三好市
38%
岐阜県2004/03/01郡上市
38%
香美市
38%
2004/08/01南松浦郡新上五島町
31%
宮崎県1954/11/03串間市
31%
佐賀県2006/03/01神埼郡吉野ヶ里町(市:該当なし)
31%
愛知県2010/03/22あま市
31%
鹿児島県2008/11/01伊佐市
31%
沖縄県2006/01/01南城市
31%
2005/02/01山県郡北広島町
31%
京都府2007/03/12木津川市
31%
広島県2004/11/01江田島市
31%
大阪府1987/10/01大阪狭山市
31%
愛媛県2004/09/21東温市
31%
小豆郡小豆島町
31%
奈良県2006/01/01宇陀市
31%
2006/01/01海草郡紀美野町
31%
有田郡有田川町
31%
鳥取県2005/10/01東伯郡北栄町(市:該当なし)
31%
2004/10/01大島郡周防大島町
31%
岡山県2006/03/21浅口市
31%
2005/03/22久米郡美咲町
31%
1955/04/01相楽郡南山城村大河原村+高山村
31%
1961/06/01知多郡南知多町
31%
2006/03/27吾妻郡東吾妻町
31%
2005/04/01東蒲原郡阿賀町
31%
2005/10/01那須郡那珂川町
31%
2005/02/01東茨城郡城里町
31%
2006/03/20南会津郡南会津町
31%
2006/03/27山武郡横芝光町
31%
2005/07/01東田川郡庄内町
31%
1992/04/01新島村改称による
31%
神奈川県1955/01/01三浦市
31%
1956/04/01足柄上郡大井町相和村+金田村+曽我村(一部)
31%
2006/03/27山本郡八峰町
31%
1956/09/30愛甲郡清川村煤ヶ谷村+宮ヶ瀬村
31%
2006/02/01比企郡ときがわ町
25%
1964/10/01南秋田郡大潟村
25%
2006/03/21綾歌郡綾川町
25%
2005/01/01北宇和郡鬼北町
25%
2006/01/01島尻郡八重瀬町
25%
1963/04/01中川郡音威子府村改称による
25%
2005/10/01鹿足郡吉賀町
25%
1955/07/20長生郡睦沢村土睦村+長南町(一部)+瑞沢村
1983年町制
25%
1956/10/01西多摩郡羽村町
町制に伴う改称による
1991年市制
25%
1955/05/01最上郡戸沢村改称による
25%
2005/02/13阿蘇郡南阿蘇村
25%
1965/01/01南都留郡山中湖村改称による
25%
2006/01/01東臼杵郡美郷町
25%
1956/09/30北設楽郡津具村上津具村+下津具村
2005年消滅
25%
2007/10/01熊毛郡屋久島町
25%
2006/01/01九戸郡洋野町
25%
2005/03/01羽咋郡宝達志水町
25%
2005/11/07神崎郡神河町
25%
2005/10/11北牟婁郡紀北町
25%
2006/02/13愛知郡愛荘町
25%
1954/08/01下新川郡朝日町泊町+大家庄村+五箇庄村
+境村+南保村+宮崎村+山崎村
25%
2006/03/31海部郡海陽町
25%
1957/03/31塩谷郡塩谷村船生村+大宮村+玉生村
1965年町制
19%
埼玉県2011/01/04蓮田市
19%
2006/03/01玉名郡和水町
19%
1956/09/30入間郡富士見村鶴瀬村+南畑村+水谷村
1964年町制、1972年市制
19%
2005/11/01木曽郡木曽町
19%
幡多郡黒潮町
19%
2006/03/01与謝郡与謝野町
19%
1977/04/01豊能郡豊能町
19%
西牟婁郡富田村東富田村+北富田村
1958年消滅
19%
北葛飾郡三郷村東和村+彦成村+早稲田村
1964年町制、1972年市制
13%
2005/10/11東筑摩郡筑北村
13%
岩手郡西根村大更村+田頭村+平館村+寺田村
1961年町制、2005年消滅
6%
1958/04/01幡多郡西土佐村津大村+江川崎村
2005年消滅
6%
1956/09/30登米郡日高村米川村+錦織村
1957年消滅
6%
1956/09/30佐賀郡富士村
小関村+南山村+北山村
1966年町制、2005年消滅
6%
1956/09/30気仙郡三陸村
吉浜村+越喜来村+綾里村
1967年町制、2001年消滅
6%
1956/06/13中頭郡コザ村改称による
1956年市制、1974年消滅
6%
1956/09/25東浅井郡びわ村大郷村+竹生村
1971年町制、2006年消滅
6%
1957/03/10邑智郡大和村都賀行村+都賀村+布施村(一部)
2004年消滅
6%
1996/07/01群馬郡倉渕村改称による
2006年消滅
6%
1955/04/01比婆郡口和村口南村+口北村
1960年町制、2005年消滅
6%
1956/08/01宇陀郡菟田野町宇太町+宇賀志村
2006年消滅
6%
1956/09/30西牟婁郡大塔村三川村+富里村+鮎川村
2005年消滅
6%
1951/04/01石川郡一ノ宮村河内村からの分立による
1954年消滅
0%
1957/01/15安芸郡豊里村大里村+高野尾村
1973年消滅
0%
1966/04/01日田郡天瀬町町制に伴う改称による
2005年消滅
0%
1957/04/01南海部郡弥生村改称による
1966年町制、2005年消滅
0%
1955/07/20玖珂郡美川村桑根村+河山村
1959年町制、2006年消滅
0%
1956/09/30吉田郡藤岡村東藤島村+岡保村
1961年消滅
0%
1955/04/01上新川郡富南村月岡村+熊野村+新保村
1960年消滅
0%
1948/04/01西諸県郡紙屋村野尻村からの分立による
1955年消滅
0%
1957/03/31三戸郡南郷村
中沢村+島守村
2005年消滅
0%
賀茂郡賀茂村宇久須村+安良里村
2005年消滅
0%
1953/10/15川辺郡坊津村改称による
1955年町制、2005年消滅
0%
富士郡富原村芝富村+内房村
1957年消滅
0%
1956/09/30浜名郡湖東村伊佐見村+和地村
1960年消滅
0%
大野郡和泉村上穴馬村+下穴馬村
2005年消滅
0%
1957/07/10三原郡緑村広田村+倭文村
1960年町制、2005年消滅
0%
1961/06/29西彼杵郡西彼村亀岳村+大串村
1969年町制、2005年消滅
0%
東磐井郡川崎村薄衣村+門崎村
2005年消滅
0%
1957/04/01中頸城郡頸城村大瀁村+明治村
2005年消滅
0%
1956/09/30那賀郡上那賀村宮浜村+平谷村
1957年町制、2005年消滅
0%
1991/10/24山辺郡都祁󠄀村改称による
2005年消滅
0%
日高郡安住村真妻村+切目川村(一部)
1957年消滅
0%
1956/03/15八頭郡八頭村八東村+安部村
1959年消滅
0%
1955/03/31御津郡津高村野谷村+馬屋上村
1959年町制、1971年消滅
0%
1957/04/01河沼郡河東村日橋村+堂島村
1978年町制、2005年消滅
0%
苫田郡苫田村久田村+泉村
1959年消滅
0%
1958/04/01北宇和郡宇和海村下波村+蔣淵村+戸島村+日振島村+遊子村
1974年消滅
0%
1992/04/01郡上郡明宝村改称による
2004年消滅
0%
1956/09/29那珂郡美和村檜沢村+嶐郷村
2004年消滅
0%
1956/09/29綾歌郡琴南村造田村+美合村
1962年町制、2006年消滅
0%
那珂郡緒川村小瀬村+八里村
2004年消滅
0%
1965/04/01武儀郡武芸川町町制に伴う改称による
2005年消滅
0%

Score Distribution

Percentile by Number Answered

Percent of People with Each Score

Your Score History

You have not taken this quiz